000 00698nam a22002057a 4500
999 _c22404
_d22404
003 OSt
005 20220603105040.0
008 220602b ||||| |||| 00| 0 spa d
020 _a9788491643005
040 _cBiblioteca Municipal de Cusco
082 _a920.72/A49
_bA49
100 _aÁlvarez, María Teresa
_d1945-
_948051
245 _aEllas mismas :
_bmujeres que han hecho historia contra viento y marea /
_cMaría Teresa Álvarez
250 _aPrimera edición
260 _aBarcelona :
_bLa esfera de los libros,
_c2018.
300 _a406 páginas. :
_bretratos. ;
_c20 cm.
504 _aBibliografía: p. [401]-406.
650 _aMujeres
_vBiografía
_zEspaña
_948052
942 _2ddc
_cLIBROS